000 02391cam a22005774i 4500
003 PE-LiUPU
005 20250731180136.0
008 150625s2007 mx a r 000 0 spa d
020 _a9789702609063
035 _a(Sirsi) i9789702609063
040 _aPE-LiUPU
_bspa
_cPE-LiUPU
_erda
049 _aPRUA
082 0 4 _a512.5
_bL322007
_221
100 1 _aLay, David C.,
_eautor.
245 1 0 _aAlgebra lineal y sus aplicaciones /
_cDavid C. Lay.
250 _aTercera edición.
264 1 _aMéxico :
_bPearson Educación,
_c2007.
300 _a02 CD-ROM
300 _a492 páginas :
_bilustraciones ;
_c26 centímetros
336 _atext
_2rdacontent
337 _aunmediated
_2rdamedia
338 _avolume
_2rdacarrier
505 0 _aEcuaciones lineales en álgebra lineal. -Álgebra de matrices. -Determinantes. -Espacios vectoriales. -Valores propios y vectores propios. -Ortogonalidad y mínimos cuadrados. -Matrices simétricas y formas cuadráticas. .
526 _aSEG44
526 _aSEG26
526 _aP159
526 _aP155
526 _aP154
526 _aP153
526 _aP150
526 _aP100
526 _aP31
526 _aP30
526 _aP26
526 _aP25
526 _aP24
526 _aP22
526 _aP15
526 _aP10
541 _g015-0013479;
541 _g014-0000517;
650 1 4 _aÁlgebra lineal.
910 _bjv
_cng
_d20090223
942 _2ddc
_cBOOK
949 _a512.5 L32 2007
_wDEWEY
_c1
_i63953
_d2016-6-13
_e2016-6-10
_lCCODEBUL1
_mBUL
_n5
_p41.00
_r0
_sY
_tBOOK
_u2015-6-25
_xINGENIERIA
_zUNKNOWN
_0COMPRA
_o.STAFF. Colección General
949 _a512.5 L32 2007
_wDEWEY
_c2
_i59096
_d2016-6-6
_e2016-6-3
_lCCODEBUL1
_mBUL
_n3
_p24.00
_r0
_sY
_tBOOK
_u2015-6-25
_xINGENIERIA
_PP27
_0COMPRA
_o.STAFF. Colección General
994 _aC0
_bPEPRU
596 _a1
999 _a512.5 L32 2007
_wDEWEY
_c47915
_i63953
_d47915
_e2019-4-25
_f2021-11-9
_g7
_lCCODEBUL1
_mBUL
_n8
_p41.00
_q7
_r0
_sY
_tBOOK
_u2015-6-25
_xINGENIERIA
_zUNKNOWN
_0COMPRA
_o.STAFF. Colección General
999 _a512.5 L32 2007
_wDEWEY
_c2
_i59096
_d2019-11-28
_e2018-7-31
_f2021-11-9
_g7
_lCCODEBUL1
_mBUL
_n7
_p24.00
_q8
_r0
_sY
_tBOOK
_u2015-6-25
_xINGENIERIA
_PP27
_0COMPRA
_o.STAFF. Colección Ingeniería y Arquitectura
980 _81
_gALBERTO SANCHEZ Responsable de Automatización